| 000 | 00778nam a2200229Ii 4500 | ||
|---|---|---|---|
| 003 | JO-AjNU | ||
| 008 | 230605s9999||||xx |||||||||||||| ||und|| | ||
| 017 | _a19408 | ||
| 020 | _a978-977-422-165-0 | ||
| 040 |
_aJO-AjNU _bara _erda _cJO-AjNU |
||
| 041 | _aara | ||
| 050 | 1 | 4 | _aHD30.24.Q277.2010 |
| 100 | 3 |
_aالقصاص،جلال جويدة, _eauthor _932739 |
|
| 245 | 0 | 0 | _aدراسات الجدوى الاقتصادية للمشروع في اقتصاد اسلامي |
| 250 | _aط1 | ||
| 264 | 3 | 1 | _aالاسكندرية :الدار الجامعية،2010 |
| 300 | _a549ص | ||
| 336 |
_atext _btxt _2rdacontent |
||
| 337 |
_aunmediated _bn _2rdamedia |
||
| 338 |
_avolume _bnc _2rdacarrier |
||
| 650 | 4 |
_a إدارة المشروعات -دراسات الجدوى _932740 |
|
| 999 |
_aA13252 _c16820 _d16820 |
||